County map of Arizona and New Mexico
Saved in:
| 主要作者: | |
|---|---|
| Corporate Authors: | , |
| 格式: | 电子 |
| 语言: | English |
| 出版: |
[1880].
|
| 丛编: | David Rumsey Collection digital maps
|
| 主题: | |
| 标签: |
添加标签
没有标签, 成为第一个标记此记录!
|
| LEADER | 01610nea a2200349Ka 4500 | ||
|---|---|---|---|
| 001 | 012024941-3 | ||
| 005 | 20090630193809.0 | ||
| 008 | 060606t18801879paud a s 0 eng d | ||
| 034 | 1 | |a a |b 3500000 |d W1145200 |e W1030000 |f N0370000 |g N0312000 | |
| 035 | 0 | |a ocm69949341 | |
| 040 | |a CUY |c CUY | ||
| 043 | |a n-us-az |a n-us-nm | ||
| 052 | |a 4320 | ||
| 052 | |a 4330 | ||
| 100 | 1 | |a Mitchell, S. Augustus |q (Samuel Augustus), |d 1792-1868. | |
| 245 | 1 | 0 | |a County map of Arizona and New Mexico |h [electronic resource]. |
| 255 | |a Scale [ca. 1:3,500,000] |c (W 114⁰52ʹ--W 103⁰00ʹ/N 37⁰00ʹ--N 31⁰20ʹ). | ||
| 260 | |c [1880]. | ||
| 500 | |a Relief shown by hachures. | ||
| 500 | |a Shows counties, Indian tribes, settlements, roads, Tucson as capital of Arizona, various trails including Cook's Wagon Route, Marcy's Route, etc. | ||
| 500 | |a Prime meridians: Greenwich and Washington. | ||
| 500 | |a "Entered according to Act of Congress in the year 1879 by S. Augustus Mitchell in the office of the Librarian of Congress at Washington." | ||
| 500 | |a Scanned raster image of original: 1 map : hand col. ; 26 x 34 cm. | ||
| 500 | |a Original in the David Rumsey Collection; scanned by Cartography Associates. | ||
| 651 | 0 | |a Arizona |v Maps. | |
| 651 | 0 | |a New Mexico |v Maps. | |
| 710 | 2 | |a David Rumsey Collection. | |
| 710 | 2 | |a Cartography Associates. | |
| 773 | 0 | |a Mitchell, S. Augustus (Samuel Augustus), 1792-1868. |t Mitchell's new general atlas. |d Philadelphia : S. Augustus Mitchell, 1880, c1879. |g p. 92. |w (OCoLC)69371482 | |
| 830 | 0 | |a David Rumsey Collection digital maps |5 net | |
| 988 | |a 20090630 | ||
| 906 | |0 OCLC | ||


